Scrambled “Q” Words - Statistics

General Stats
  • This quiz has been taken 34 times
  • The average score is 23 of 36
Answer Stats
Hint Answer % Correct
eutarqr quarter
100%
atqnui quaint
97%
aryuqr quarry
97%
rutzqa quartz
97%
qauilyf qualify
93%
hnqceu quench
93%
urvieq quiver
90%
aueqduprl quadruple
86%
yaqitlu quality
86%
atuiyfqn quantify
86%
nqattyiu quantity
79%
atureqt quartet
79%
iqceukn quicken
79%
auqardtn quadrant
76%
umaqunt quantum
72%
eqmairgu quagmire
66%
sotueiqn question
66%
grleuqnaad quadrangle
62%
uumoqr quorum
62%
qnteoitu quotient
62%
qukeracatbr quarterback
59%
kaqudcsni quicksand
55%
sucqveikril quicksilver
52%
piltueqnu quintuple
48%
rasoleurqme quarrelsome
45%
natiqtoou quotation
45%
audlnoriilq quadrillion
41%
uqinteraan quarantine
41%
ziilacuzq quizzical
38%
pquredatlu quadruplet
34%
luaqtetviia qualitative
34%
ctequdearrk quarterdeck
34%
tamzsruqie quizmaster
31%
esnssqeaui queasiness
24%
ldqluisaea quesadilla
24%
iepusqhne queenship
21%
No matching quizzes found
Score Distribution
Percent of People with Each Score
Percentile by Number Answered
Your Score History
You have not taken this quiz